| 000 | 00459nam a2200157 4500 | ||
|---|---|---|---|
| 001 | 132039 | ||
| 003 | ES-MaACL | ||
| 005 | 20230906194107.0 | ||
| 007 | t| | ||
| 008 | 070214s1947 mx r ||||1| spa d | ||
| 100 | 1 |
_aRodríguez Rodríguez, Joaquín. _998765 |
|
| 245 | 1 | 0 |
_aTratado de sociedades mercantiles / _cJoaquín Rodríguez Rodríguez. |
| 260 |
_aMéxico : _bPorrúa, _c1947. |
||
| 300 |
_a2 v. ; _c26 cm. |
||
| 852 |
_aES-MaACL _jC-4455-56 _bR.24370 |
||
| 999 |
_c132039 _d132039 |
||